Normal view MARC view

Entry Personal Name

Number of records used in: 1

001 - CONTROL NUMBER

  • control field: 9555

003 - CONTROL NUMBER IDENTIFIER

  • control field: DLC

005 - DATE AND TIME OF LATEST TRANSACTION

  • control field: 20230921135306.0

008 - FIXED-LENGTH DATA ELEMENTS

  • fixed length control field: 111012n| azannaabn |a aaa c

010 ## - LIBRARY OF CONGRESS CONTROL NUMBER

  • LC control number: no2011158478

035 ## - SYSTEM CONTROL NUMBER

  • System control number: (OCoLC)oca09003478

040 ## - CATALOGING SOURCE

  • Original cataloging agency: WaU
  • Language of cataloging: eng
  • Transcribing agency: WaU
  • Description conventions: rda
  • Modifying agency: DLC

100 1# - HEADING--PERSONAL NAME

  • Personal name: Al-Sumait, Fahed Yahya

400 1# - SEE FROM TRACING--PERSONAL NAME

  • Personal name: Sumait, Fahed Yahya al-

670 ## - SOURCE DATA FOUND

  • Source citation: Contested discourses on Arab democratization in the United States and Kuwait, 2011:
  • Information found: t.p. (Fahed Yahya Al-Sumait)

670 ## - SOURCE DATA FOUND

  • Source citation: OCLC, Oct. 12, 2011
  • Information found: (hdg.: Al-Sumait, Fahed ; usage: Fahed Al-Sumait)

Powered by Koha